| 000 | 01507cam a2200373 a 4500 | ||
|---|---|---|---|
| 001 | EDZ0000064274 | ||
| 003 | StDuBDS | ||
| 005 | 20161031105117.0 | ||
| 006 | m||||||||d|||||||| | ||
| 007 | cr ||||||||||| | ||
| 008 | 120327s2003 enk fo| 001|0|eng d | ||
| 020 |
_a9781446220375 (ebook) : _cNo price |
||
| 040 |
_aStDuBDS _beng _cStDuBDS _epn |
||
| 049 | _aAlfaisal Main Library | ||
| 050 | 0 |
_aGN495.6 _b.D53 2003 |
|
| 082 | 0 | 4 |
_a305.8003 _223 |
| 245 | 0 | 0 |
_aDictionary of race, ethnicity and culture _h[electronic resource] / _cedited by Guido Bolaffi ... [et al.]. |
| 260 |
_aLondon : _bSAGE, _cc2003. |
||
| 300 | _a1 online resource (xviii, 355 p.) | ||
| 504 | _aIncludes bibliographical references and index. | ||
| 520 | 8 | _aRace, ethnicity and culture are concepts that are interpreted in various and often contradictory ways. This dictionary provides the historical background and etymology of a wide range of words related to these concepts and ideas. | |
| 521 | _aSpecialized. | ||
| 588 | _aDescription based on print version record. | ||
| 650 | 0 |
_aRace _vDictionaries. |
|
| 650 | 0 |
_aMinorities _vDictionaries. |
|
| 650 | 0 |
_aCulture _vDictionaries. |
|
| 650 | 0 |
_aEthnicity _vDictionaries. |
|
| 655 | 7 |
_aElectronic books. _2local |
|
| 700 | 1 | _aBolaffi, Guido. | |
| 710 | 2 | _aSage eBooks | |
| 776 | 0 | 8 |
_iPrint version : _z9780761969006 |
| 856 | 4 | 0 | _uhttp://ezproxy.alfaisal.edu/login?url=http://sk.sagepub.com/reference/dictionary-of-race-ethnicity-and-culture |
| 942 |
_2lcc _cEBOOKS |
||
| 999 |
_c479518 _d479518 |
||